00612nam a2200145 a 4500008004100000020001500041050002100056100002600077245017600103260006100279300002400340350000900364500004200373650005100415060424s1991 ||||||||||||||||| || u a0908307217 aHF 5430.6.Z5 Mut aMutizwa-Mangiza, N. D10aPlanning suburban service centres in Harare, Zimbabwe : a study of structure, use patterns, and needs with special reference to retailing in high-density residential areas aMount Pleasant, [Harare] :bUniversity of Zimbabwec1991 aviii, 169 p. : ill. a0.00 aIncludes bibliographical references  aSHOPING CENTERS - ZIMBABWE - HARARE - PLANNING